000 00625cam a2200217 a 4500
001 1655225
005 20240130044750.0
008 971007s1998 enk b 001 0 eng
020 _a0415105161 (HB)
020 _a041510517X (PB)
040 _aDLC
_cDLC
_dDLC
082 0 0 _a306
_221
245 0 0 _aClassical readings in culture and civilization /
_cedited by John Rundell and Steven Mennell.
260 _aLondon ;
_aNew York :
_bRoutledge,
_c1998.
300 _aviii, 248 p. ;
650 0 _aCulture.
650 0 _aCivilization, Modern.
700 1 _aMennell, Stephen.
_eedt
700 1 _aRundell, John F.
_eedt
942 _cL
999 _c237
_d237